| 000 | | | 03886nac2a22002891x 450 |
| 001 | | | d1623464-4f7e-4e2d-b689-4923cfcdfe4d |
| 005 | | | 20160814055149.0 |
| 100 | ## | $a | 20160620l19211921k y0rusy50 ca |
| 101 | 0# | $a | rus |
| 102 | ## | $a | RU |
| 105 | ## | $a | y z ||||| |
| 122 | 2# | $a | d19210516 |
| | $a | d19211103 |
| 200 | 1# | $a | Приказы по военной автобазе СНК с № 136 по № 262 |
| | $j | 16 мая - 3 ноября 1921 |
| 215 | ## | $a | 262 листа |
| 251 | ## | $c | Дело |
| 300 | ## | $a | Заголовок дела на папке: Приказы по Автобазе с № 136-274 |
| 300 | ## | $a | Машинописный текст |
| 324 | ## | $a | В деле имеются копии отдельных документов |
| 330 | ## | $a | Входит в раздел описи: Канцелярия. а/ Переписка с Наркоматами и другими учреждениями. 17. Автобаза СНК |
| 461 | #0 | $1 | 001ad6baeac-e292-4829-90d1-2f4f65796a62 |
| | $1 | 2001 |
| | $a | СОВЕТ НАРОДНЫХ КОМИССАРОВ РСФСР (СНК РСФСР) |
| | $1 | 251 |
| | $c | Фонд |
| | $1 | 852 |
| | $j | 130 |
| | $g | Р |
| 462 | #0 | $1 | 001749580a7-5abb-40c4-a39c-e540631a040a |
| | $1 | 2001 |
| | $a | 1921 г. |
| | $v | Д. 1051 |
| | $1 | 251 |
| | $c | Опись |
| | $1 | 852 |
| | $j | 5 |
| 517 | 1# | $a | Приказы по Автобазе с № 136-274 |
| 601 | 01 | $3 | RU\NLR\AUTH\661074810 |
| | $a | РСФСР |
| | $b | Совет Народных Комиссаров |
| 601 | 02 | $a | СНК РСФСР. Военная автобаза |
| 801 | #0 | $a | RU |
| | $b | GA_RF |
| 801 | #1 | $a | RU |
| | $b | НПО Опыт |
| | $c | 20160620 |
| | $2 | rusmarc |
| 801 | #2 | $a | RU |
| | $b | ПБ им. Б.Н. Ельцина |
| | $c | 20160814 |
| | $g | RCR |
| | $2 | rusmarc |
| 852 | ## | $a | ГА РФ |
| | $j | 1051 |
| 937 | ## | $d | 82529428 |
| | $h | ПБ |
| 035 | ## | $a | RuPRLIB51039609 |